000 00933nam a22002297a 4500
005 20240530110624.0
008 170102s2012 ua a g 000 0 ara d
017 _bمصر. دار الكتب
020 _a978977322294
040 _aEG-CaGPL
_cEG-CaGPL
082 0 4 _221
_a953.07392\
_bغ ز
100 0 _aغانم شيحان جويعد الخليل الشمرى .
245 1 2 _aالزنكيون :
_bتاريخ دولة : و قصة جهاد /
_cتاليف غانم شيحان جويعد الخليل الشمرى .
250 _aط.1
260 _aالقاهرة :
_bعين للدراسات و البحوث الانسانية و الاجتماعية ،
_c2012 .
300 _a543 ص ؛
_c24 سم .
504 _aببليوجرافية : ص 525 - 534
650 0 7 _2qrmak
_aالاتابكة .
651 0 7 _2qrmak
_aالعالم العربى
_xتاريخ .
942 _2ddc
_cBK
999 _c63118
_d63118